| 000 | 00414nam a22001457a 4500 | ||
|---|---|---|---|
| 020 | _a969-35-0073-3 | ||
| 040 | _cNUST | ||
| 082 | _a891.4393,HUS | ||
| 100 |
_aHussein, Abdullah _9110332 |
||
| 245 |
_aUdaas Naslain / اداس نسلیں (Urdu) / _cAbdullah Hussein |
||
| 260 |
_aLahore _bSang-e-Meel Pub _c2015 |
||
| 300 | _a512 p.; | ||
| 650 |
_aUrdu Literature _xNovel _9110271 |
||
| 942 |
_2ddc _cBK _k891.4393,HUS |
||
| 999 |
_c593753 _d593753 |
||